Gutiérrez semanario español de humorismo (Record no. 189829)

MARC details
000 -LEADER
campo de control de longitud fija 01341nas a2200361 i 4500
001 - NÚMERO DE CONTROL
campo de control 189829
003 - IDENTIFICADOR DE NÚMERO DE CONTROL
campo de control SpMaBN
005 - FECHA Y HORA DE LA ÚLTIMA TRANSACCIÓN
campo de control 20250322063249.0
008 - DATOS DE LONGITUD FIJA--INFORMACIÓN GENERAL
campo de control de longitud fija 191202d19271934sp w|yp | b||pa d
022 ## - NÚMERO INTERNACIONAL NORMALIZADO PARA PUBLICACIONES SERIADAS
Número Internacional Normalizado para Publicaciones Seriadas 1132-3434
080 ## - NÚMERO DE LA CLASIFICACIÓN DECIMAL UNIVERSAL
Número de la Clasificación Decimal Universal 821.134.2-7
130 ## - ENTRADA PRINCIPAL--TÍTULO UNIFORME
Título uniforme Gutiérrez (Madrid)
9 (RLIN) 239860
222 ## - TÍTULO CLAVE
Título clave Gutiérrez (Madrid)
245 00 - MENCIÓN DEL TÍTULO
Título Gutiérrez semanario español de humorismo
260 ## - PUBLICACIÓN, DISTRIBUCIÓN, ETC.
Lugar de publicación, distribución, etc. Madrid :
Nombre del editor, distribuidor, etc. [Gutiérrez],
Fecha de publicación, distribución, etc. 1927-[1934]
300 ## - DESCRIPCIÓN FÍSICA
Extensión v. :
Otras características físicas il. ;
Dimensiones 27 y 34 cm.
310 ## - PERIODICIDAD ACTUAL
Periodicidad actual Semanal
362 0# - FECHAS DE PUBLICACIÓN Y/O DESIGNACIÓN SECUENCIAL
Fecha de publicación y/o designación secuencial Año 1, n. 1 (7 mayo 1927)-
362 1# - FECHAS DE PUBLICACIÓN Y/O DESIGNACIÓN SECUENCIAL
Fecha de publicación y/o designación secuencial Cesó ca. 1934.
500 ## - NOTA GENERAL
Nota general A partir del n. 270, la altura es 35 cm
530 ## - NOTA DISPONIBLE DE FORMULARIO FÍSICO ADICIONAL
Nota de formato físico adicional disponible Disponible en formato digital.
590 0# - NOTA LOCAL (RLIN)
Nota local Descripción basada en: Año 1, n. 9 (2 jul. 1927)
594 ## - Nota al título y mención de responsabilidad
Nota al título y mención de responsabilidad En su fundación intervendrá, entre otros, el gran caricaturista K-Hito (Ricardo García López)
655 #4 - TERMINO DE INDIZACIÓN--GENERO/FORMA
9 (RLIN) 226865
Datos o término principal de género/forma Revistas satíricas y humorísticas
700 0# - ENTRADA AGREGADA--NOMBRE PERSONAL
Nombre de persona K-Hito.
9 (RLIN) 142494
852 ## - LOCALIZACIÓN
Ubicación ES-MaACL
Número de control de estantería HEM-2120
itemnumber 196972
Donativo/Legado Donación: José María Ballester Palazón
Ubicación en estantería Hemeroteca
856 ## - LOCALIZACIÓN Y ACCESO ELECTRÓNICOS
Identificador Uniforme de Recursos <a href="https://hemerotecadigital.bne.es/hd/issn/1132-3434">https://hemerotecadigital.bne.es/hd/issn/1132-3434</a>
Nota pública Hemeroteca Digital
866 #0 - MENCIÓN TEXTUAL DE FONDOS--UNIDAD BIBLIOGRÁFICA BÁSICA
Fondos (1927-1930),(1932)
903 ## - NOMBRE PERSONAL DE DONANTE
9 239859
a Ballester Palazón, José María
e Donante
942 ## - ELEMENTOS DE ENTRADA SECUNDARIOS (KOHA)
Fuente del sistema de clasificación o colocación Clasificación decimal universal
Tipo de ítem Koha Revista
Holdings
Estatus retirado Estado de pérdida Fuente del sistema de clasificación o colocación Estado de daño No para préstamo Biblioteca de origen Biblioteca actual Ubicación en estantería Fecha de adquisición Total de préstamos Signatura topográfica completa Código de barras Visto por última vez Precio de reemplazo Tipo de ítem Koha
    Clasificación decimal universal     Biblioteca del Ateneo de Madrid Biblioteca del Ateneo de Madrid Hemeroteca 02/12/2019   HEM-2120 1201341 23/02/2023 23/02/2023 Revista